000 00650nam a22001817a 4500
005 20240124143658.0
008 231109b |||||||| |||| 00| 0 eng d
020 _a0702119962 ; 0702119970
041 _aEnglish
082 _a346.2 KAH
100 _aKahn, E ; Lewis, C and Visser, C
_lEnglish
245 _aContract and Merchantile Law :
_bGeneral Principles of Contract; Agency and Representation /
_cE Kahn, C Lewis and C Visser
250 _aSecond Edition
260 _aCape Town :
_bJuta and Company Ltd,
_c1988
300 _blix, 925 pages ;
_c25,5 cm.
650 _aLegal practice
_bLaw
942 _cBK
_6ALISON_BN_VRIES
999 _c459
_d459